Vista normal
Vista MARC
Entrada Materia (reunión)
Número de registros utilizados en: 1
001 - CONTROL NUMBER
- control field: 120727
003 - CONTROL NUMBER IDENTIFIER
- control field: Co-BoUCM
005 - DATE AND TIME OF LATEST TRANSACTION
- control field: 20211020091937.0
008 - FIXED-LENGTH DATA ELEMENTS
- fixed length control field: 211020|| aca||aabn | a|a d
040 ## - CATALOGING SOURCE
- Original cataloging agency: Co-BoUCM
- Transcribing agency: Co-BoUCM
111 ## - HEADING--MEETING NAME
- Meeting name or jurisdiction name as entry element: Coloquio Conmemorativo del Bicentenario del Consejo de Estado Frances (
- Date of meeting: 1997 : nov. 19-21
- Location of meeting: Cartagena)
670 ## - SOURCE DATA FOUND
- Source citation: Work cat.: (Co-BoUCM)25888: Coloquio Conmemorativo del Bicentenario del Consejo de Estado Frances ( 1997 : nov. 19-21 Cartagena), Historia y perspectivas de la jurisdicción administrativa en Francia y en América Latina Memorias, 1999